Trouves les paroles d'Hannah Interlude d'Hannah Bahng - Statistiques

Statistiques générales
  • Ce quiz a été pris 6 fois
  • Le résultat moyen est 33 sur 54
Statistiques - réponses
Hint Réponse % Correct
. come
100%
. come
100%
. I
100%
I
100%
. I
100%
. I'm
100%
. I'm
100%
. Of
100%
. Of
100%
. Of
100%
. Of
100%
. Of
100%
. Of
100%
. terrified
100%
.. terrified
100%
. to
100%
. To
100%
. To
100%
. to
100%
. what
100%
. what
100%
. what's
100%
. what's
100%
. be
50%
. be
50%
. changing
50%
. done
50%
. escape
50%
. From
50%
. From
50%
. I've
50%
.. I've
50%
. metronome
50%
. no
50%
. overcome
50%
. pray
50%
. seasons
50%
That
50%
. That
50%
. the
50%
. the
50%
. the
50%
. With
50%
. afraid
0%
. afraid
0%
. all
0%
. constant
0%
. our
0%
. reasons
0%
.. stray
0%
. strum
0%
succumb
0%
won't
0%
. won't
0%
Aucun quiz correspondant
Distribution des résultats
% des personnes avec chaque résultat
Percentile par nombre de réponses
Votre historique - résultats
Vous n’avez pas pris ce quiz